| 000 | 01566nmm a2200385 a 4500 | ||
|---|---|---|---|
| 001 | ocm000964881 | ||
| 003 | TR-IsHL | ||
| 005 | 20201028150609.0 | ||
| 008 | 150110s2011 tu tur | ||
| 007 | cr cn | ||
| 020 | _a9786054156528 | ||
| 035 |
_a964881 _b(N$T) |
||
| 050 | 0 | 4 |
_aHD9536.T92 _bA533 2011 |
| 090 | 0 | 4 |
_aHD9536.T92 _bA533 2011 |
| 100 | 1 | _aAkdemir, Özer | |
| 245 | 1 | 0 |
_aAnadolu'nun 'altın'daki tehlike: Kışladağ'a ağıt _h[electronic resource] / _cÖzer Akdemir |
| 260 |
_aİstanbul : _bEvrensel Basım Yayın, _c2011 |
||
| 300 | _a393 p. | ||
| 500 |
_aKaynakça var. _x |
||
| 650 | 4 | _aEnerji | |
| 650 | 4 | _aEnergy | |
| 650 | 0 |
_aKışladağ (Uşak, Türkiye) _xÇevresel durum |
|
| 650 | 0 |
_aKışladağ (Uşak, Turkey) _xEnvironmental conditions |
|
| 650 | 0 |
_aUşak, Türkiye _xÇevresel durum |
|
| 650 | 0 |
_aUşak (Turkey) _xEnvironmental conditions |
|
| 650 | 0 | _aTÜPRAŞ (Firm) | |
| 650 | 0 |
_aAltın madenleri ve madenciliği _xÇevre açısından _xTürkiyeKışladağ (Uşak) |
|
| 650 | 0 |
_aGold mines and mining _xEnvironmental aspects _xTurkey _xKışladağ (Uşak) |
|
| 650 | 0 |
_aAltın endüstrisi _xÇevre açısından _xTürkiyeKışladağ (Uşak) |
|
| 650 | 0 |
_aGold industry _xEnvironmental aspects _xTurkey _xKışladağ (Uşak) |
|
| 650 | 0 |
_aEndüstriyel toksikoloji _xTürkiy _xKışladağ (Uşak) |
|
| 650 | 0 |
_aIndustrial toxicology _xTurkey _xKışladağ (Uşak) |
|
| 650 | 7 |
_aNATURE / Rocks & Minerals _2bisacsh |
|
| 856 | 4 | 0 | _uhttp://search.ebscohost.com/login.aspx?direct=true&scope=site&db=e011xww&AN=964881 |
| 999 |
_c10560 _d10560 |
||